| 000 | 00852nam0a22002771 4500 | ||
|---|---|---|---|
| 001 | rc\4258499 | ||
| 005 | 20250612031911.0 | ||
| 021 |
_aRU _b[59-70038] |
||
| 035 | _a(NLR Aleph) 008480701 | ||
| 090 |
_a7988354 _c7988354 |
||
| 100 | _a20130416d1959 |||y0rusy50 ca | ||
| 101 | 0 | _arus | |
| 102 | _aRU | ||
| 105 | _aa z ||||| | ||
| 200 | 1 |
_aНаши глаза _e(Сбор отряда пионеров посвящ. зрению) |
|
| 210 |
_aМосква _cМедгиз _d1959 |
||
| 215 |
_a44 с. _cил. _d22 |
||
| 225 | 1 | _aБиблиотечка школьника | |
| 606 |
_aГлаз (д. л.) _2psbo |
||
| 606 |
_aЗрение (д. л.) _2psbo |
||
| 700 | 1 |
_aБелостоцкая _bЕ.М. _gЕлена Максимовна |
|
| 801 | 0 |
_aRU _bNLR _gpsbo |
|
| 801 | 1 |
_aRU _bELAR _2rusmarc |
|
| 852 |
_aNLR _j59-6/9637 |
||
| 942 | _cBOOK | ||
| 980 | _aNB | ||